[Event "Let's Play Chess!"]
[Site "http://www.queenalice.com/game.php?id=1829993"]
[Date "2024.1.24"]
[Round "-"]
[White "Scar"]
[Black "Charles56"]
[Result "0-1"]
[WhiteElo "1609"]
[BlackElo "1755"]

1. e4 e5 2. Nf3 d6 3. Be2 a6 4. d4 exd4 5. Nxd4 Bd7 6. c4 h6 7. Be3 Nc6 8. a3
Nf6 9. f3 Nxd4 10. Bxd4 Be7 11. b4 b6 12. a4 c5 13. Bc3 cxb4 14. Bxb4 a5 15. Bc3
Bc6 16. Bd4 O-O 17. Nc3 Nh7 18. Ra2 Bf6 19. Rd2 Bxd4 20. Nb5 Bc5 21. Kf1 Nf6 22.
Nxd6 Bxd6 23. e5 Nd7 24. exd6 Ra7 25. Bd3 Re8 26. Qb3 Nc5 27. Qc2 Nxd3 28. Rxd3
Qd7 29. Kf2 Bxa4 30. Qd2 b5 31. c5 b4 32. Ra1 Bb5 33. Re3 Rxe3 34. Qxe3 Ra6 35.
Re1 Bc4 36. f4 b3 37. Qc3 Qb5 38. Re7 Qxc5+ 39. Kg3 Rxd6 40. Re8+ Kh7 41. Re3 a4
42. h3 Qc6 43. Kh2 Rg6 44. g4 f5 45. Rg3 fxg4 46. h4 h5 47. Re3 Bf1 48. Qd2 Qc2
49. Qxc2 bxc2 50. Rc3 Rf6 51. Kg3 a3 52. Rxc2 Ra6 53. Ra2 Bc4 54. Ra1 a2 55. Kf2
Ra3 56. f5 Rf3+ 57. Kg2 Rxf5 58. Kg3 Rf3+ 59. Kg2 Kh6 60. Rc1 g6 61. Ra1 Rh3 62.
Rc1 Rxh4 63. Kg3 Rh3+ 64. Kf2 Ra3 65. Ra1 h4 66. Ke1 h3 67. Kf2 h2 68. Kg2 g3
69. Kh1 Bd5# 0-1

[Event "Let's Play Chess!"]
[Site "http://www.queenalice.com/game.php?id=1830719"]
[Date "2024.2.2"]
[Round "-"]
[White "Mlintz"]
[Black "Scar"]
[Result "1-0"]
[WhiteElo "1776"]
[BlackElo "1599"]

1. d4 d5 2. c4 c6 3. Nc3 e6 4. e4 Nf6 5. exd5 cxd5 6. cxd5 exd5 7. Nf3 Be6 8.
Be2 Bd6 9. O-O a6 10. a4 Nc6 11. Re1 O-O 12. Bg5 Be7 13. Bh4 Ne4 14. Bxe7 Qxe7
15. Bd3 f5 16. h3 g5 17. Qc1 Rf7 18. Bxe4 fxe4 19. Nxg5 Rg7 20. Nxe6 Qxe6 21.
Re3 Nxd4 22. Qd1 Nf5 23. Re1 Nh4 24. Kf1 Rd8 25. Nxe4 Rdd7 26. Ng5 Qg6 27. Re5
Rge7 28. Rxd5 Rxd5 29. Qxd5+ Kg7 30. Qd4+ Kf8 31. Qh8+ Qg8 32. Qf6+ Rf7 33. Qh6+
Ke7 34. Qxh4 Rf6 35. Re1+ Kf8 36. Nxh7+ Kg7 37. Qxf6+ Kxh7 38. Re7+ 1-0

[Event "Let's Play Chess!"]
[Site "http://www.queenalice.com/game.php?id=1830721"]
[Date "2024.2.2"]
[Round "-"]
[White "Scar"]
[Black "Mlintz"]
[Result "1/2-1/2"]
[WhiteElo "1607"]
[BlackElo "1813"]

1. e4 e6 2. e5 d5 3. d4 c5 4. Be3 cxd4 5. Bxd4 Nc6 6. Bb5 Bd7 7. c3 Nxd4 8.
Bxd7+ Qxd7 9. cxd4 O-O-O 10. Nd2 Bb4 11. Rc1+ Kb8 12. Nf3 Ne7 13. a3 Bxd2+ 14.
Qxd2 h6 15. b4 Rc8 16. O-O Qb5 17. Rc5 Rxc5 18. dxc5 Nc6 19. Nd4 Nxd4 20. Qxd4
Rd8 21. Rc1 Rc8 22. f4 b6 23. h4 Qe2 24. Kh2 Qa6 25. Qc3 bxc5 26. bxc5 Rc6 27.
Rb1+ Kc7 28. Qb3 Qc8 29. Rc1 Qb8 30. Qa4 a6 31. Qa5+ Kd7 32. Rc3 Qb5 33. Qxb5
axb5 34. g3 Kc7 35. Kg2 Kb7 36. Kf3 Ka6 37. Ke3 Ka5 38. Kd4 b4 39. axb4+ Kxb4
40. Rc1 Kb5 41. Rb1+ Ka6 42. h5 Ka7 43. Rb4 f6 44. g4 fxe5+ 45. fxe5 Ka8 46. Rb6
Rxb6 47. cxb6 Kb7 48. Kc5 Kb8 49. Kd4 Kc8 50. Kc5 Kb7 1/2-1/2

[Event "Challenge"]
[Site "http://www.queenalice.com/game.php?id=1831658"]
[Date "2024.2.16"]
[Round "-"]
[White "Mr_SPOCK"]
[Black "Scar"]
[Result "0-1"]
[WhiteElo "1615"]
[BlackElo "1590"]

1. e4 e5 2. Nf3 d6 3. d4 Nd7 4. d5 c6 5. Bg5 f6 6. Bh4 g5 7. Nxg5 fxg5 8. Qh5+
Ke7 9. Bxg5+ Ndf6 10. f4 Bg7 11. fxe5 dxe5 12. Nc3 Bg4 13. Bxf6+ Nxf6 14. Qxe5+
Kf7 15. Kf2 Re8 16. Qg3 h5 17. Bc4 Nxe4+ 18. Nxe4 Rxe4 19. Bb3 Bd4+ 20. Kf1 Qf6+
21. Qf3 Bxf3 22. d6+ Kg7 23. d7 Bg4# 0-1

[Event "Challenge"]
[Site "http://www.queenalice.com/game.php?id=1832423"]
[Date "2024.2.28"]
[Round "-"]
[White "Scar"]
[Black "Charles56"]
[Result "0-1"]
[WhiteElo "1653"]
[BlackElo "1822"]

1. e4 e5 2. d4 exd4 3. Qxd4 Nc6 4. Qd1 Bb4+ 5. c3 Bc5 6. b4 Bb6 7. a4 a6 8. Bd2
Qf6 9. Nf3 h6 10. Qe2 d6 11. b5 axb5 12. Qxb5 Bd7 13. Qb3 Bg4 14. Be2 Nge7 15.
Be3 Bxe3 16. fxe3 b6 17. Nbd2 Na5 18. Qc2 Nec6 19. Bb5 O-O 20. Bxc6 Nxc6 21. O-O
Qe6 22. h3 Bh5 23. Rab1 Ne5 24. Nxe5 dxe5 25. Rf2 Bg6 26. Rbf1 Qc6 27. Ra1 Qc5
28. Re2 f5 29. g3 fxe4 30. Nxe4 Qc6 31. Qb3+ Bf7 32. Qb4 Bc4 33. Ree1 Qxe4 34.
Qb2 Rf3 35. Qg2 Raf8 36. Rf1 Qxe3+ 37. Kh2 Rxf1 38. Rxf1 Bxf1 39. Qd5+ Kh8 0-1

[Event "Challenge"]
[Site "http://www.queenalice.com/game.php?id=1832424"]
[Date "2024.2.28"]
[Round "-"]
[White "Charles56"]
[Black "Scar"]
[Result "0-1"]
[WhiteElo "1802"]
[BlackElo "1630"]

1. e4 e5 2. Nf3 d6 3. h3 Be6 4. Bb5+ c6 5. Ba4 a5 6. a3 b5 7. Bb3 Bxb3 8. cxb3
Be7 9. d3 Nf6 10. Be3 c5 11. Nc3 Qd7 12. Qe2 O-O 13. O-O Na6 14. Nh2 b4 15. Nd5
Nxd5 16. a4 Nxe3 17. Qxe3 Nc7 18. f4 exf4 19. Rxf4 Bg5 20. Raf1 Bxf4 21. Qxf4 f6
22. Nf3 Rf7 23. d4 Raf8 24. dxc5 dxc5 25. Nd2 Ne6 26. Qe3 Qd4 27. Qxd4 Nxd4 28.
Rf2 f5 29. exf5 Rxf5 30. Rxf5 Rxf5 31. g4 Rf7 32. Kg2 g5 33. Kg3 Ne2+ 0-1

[Event "Let's Play Chess!"]
[Site "http://www.queenalice.com/game.php?id=1832668"]
[Date "2024.3.4"]
[Round "-"]
[White "Scar"]
[Black "alterego"]
[Result "1-0"]
[WhiteElo "1644"]
[BlackElo "1584"]

1. e4 g6 2. d4 Bg7 3. e5 e6 4. Be3 Ne7 5. c4 a6 6. Nc3 d5 7. c5 Nbc6 8. a3 O-O
9. f4 Nf5 10. Bf2 Ncxd4 11. Bxd4 Qh4+ 12. g3 Nxg3 13. Bf2 Qxf4 14. hxg3 Qxe5+
15. Nge2 Bd7 16. Bg2 Rae8 17. Qd2 b5 18. b4 c6 19. Bd4 Qc7 20. Rh6 Bxh6 21. Qxh6
e5 22. Bf2 d4 23. Ne4 f5 24. Ng5 Re7 25. O-O-O f4 26. Rh1 fxg3 27. Bxg3 Bg4 28.
Kd2 a5 29. Be4 Qd7 30. Bxg6 Rf6 31. Bxh7+ Rxh7 32. Qxh7+ Qxh7 33. Nxh7 Rf3 34.
Ng5 Rxa3 35. Bxe5 Ra2+ 36. Kd3 Bf5+ 37. Kxd4 Rxe2 38. Rh8# 1-0

[Event "Let's Play Chess!"]
[Site "http://www.queenalice.com/game.php?id=1832671"]
[Date "2024.3.4"]
[Round "-"]
[White "alterego"]
[Black "Scar"]
[Result "0-1"]
[WhiteElo "1595"]
[BlackElo "1615"]

1. d4 d5 2. g3 f6 3. Bg2 Nc6 4. Nf3 Be6 5. a3 Qd7 6. b4 O-O-O 7. Nbd2 g5 8. c4
dxc4 9. O-O Nxd4 10. Ne4 Nxf3+ 11. Bxf3 Qxd1 12. Rxd1 Rxd1+ 13. Kg2 g4 14. Nc3
gxf3+ 15. exf3 Re1 0-1

[Event "Let's Play 640"]
[Site "http://www.queenalice.com/game.php?id=1833381"]
[Date "2024.3.16"]
[Round "-"]
[White "digger"]
[Black "Scar"]
[Result "0-1"]
[WhiteElo "1627"]
[BlackElo "1684"]

1. d4 d5 2. e3 Bd7 3. c4 dxc4 4. Bxc4 c6 5. Qf3 e6 6. Ne2 Be7 7. O-O Nf6 8. Bd2
a5 9. a4 Na6 10. Nbc3 b5 11. axb5 cxb5 12. Bxb5 Bxb5 13. Nxb5 Nc7 14. Nxc7+ Qxc7
15. Qxa8+ Bd8 16. Bxa5 Qd7 17. Rac1 O-O 18. Qa6 Nd5 19. Bd2 g5 20. e4 Nc7 21.
Qc4 f6 22. Bb4 Re8 23. Rfd1 Kf7 24. e5 f5 25. f4 g4 26. Ng3 Kg6 27. Ba3 Nd5 28.
Bd6 Ne3 29. Qc6 Qxc6 30. Rxc6 Nxd1 31. b4 h5 32. Ne2 Ne3 33. Rc3 Nd5 34. Rb3 Bb6
35. Bc5 Bxc5 36. bxc5 Ra8 37. Kf2 Ra2 38. g3 Rd2 39. Ke1 Ra2 40. Nc3 Rxh2 41.
Ne2 Rh1+ 42. Kd2 Rh2 43. Rb8 Rh1 44. c6 Ra1 45. Rb7 Ra2+ 46. Ke1 Rc2 47. c7 Ne7
48. Kd1 Rc4 49. Kd2 Nd5 50. Kd3 Rxc7 51. Rxc7 Nxc7 52. Kc4 Nd5 53. Kc5 Kf7 54.
Kd6 Nb6 55. Nc3 Nc4+ 56. Kc5 Nd2 57. Ne2 Ke7 58. Kc6 Ne4 59. d5 exd5 60. Kxd5
Nd2 61. e6 Nf3 62. Nc3 Nd2 63. Ke5 Nf1 64. Ne2 Ne3 65. Nd4 h4 66. gxh4 g3 67.
Nf3 g2 68. h5 Kf8 69. h6 Ng4+ 70. Kxf5 Nxh6+ 71. Kg6 Ng4 72. f5 Ne5+ 73. Nxe5
g1=Q+ 74. Kh5 Qh2+ 75. Kg5 Qxe5 76. Kg4 Ke7 77. Kg5 Qf6+ 78. Kf4 Kd6 79. Ke4
Qe5+ 80. Kd3 Qxf5+ 81. Kd4 Qe5+ 82. Kc4 Qd5+ 83. Kc3 Kc5 84. e7 Qd4+ 85. Kc2
Qe4+ 86. Kc3 Qxe7 87. Kd3 Qe5 88. Kc2 Qd4 89. Kb3 Qc4+ 90. Kb2 Kb4 91. Kb1 Kb3
92. Ka1 Qc1# 0-1

[Event "Let's Play Chess!"]
[Site "http://www.queenalice.com/game.php?id=1833647"]
[Date "2024.3.17"]
[Round "-"]
[White "Mlintz"]
[Black "Scar"]
[Result "1-0"]
[WhiteElo "1893"]
[BlackElo "1658"]

1. e4 e5 2. Nf3 d6 3. c3 Bd7 4. d4 Bg4 5. Bc4 Nf6 6. dxe5 dxe5 7. Qxd8+ Kxd8 8.
Nxe5 Kc8 9. Nxf7 Rg8 10. e5 Ne8 11. Nd6+ cxd6 12. Bxg8 Bf5 13. exd6 Nxd6 14. b3
Nd7 15. b4 b5 16. O-O Kb7 17. Bd5+ Kb8 18. Bxa8 Kxa8 19. a4 bxa4 20. Rxa4 Bxb1
21. Be3 Bd3 22. Rxa7+ Kb8 23. Rxd7 Bxf1 24. Kxf1 Ne4 25. Rd8+ Kc7 26. Rxf8 Nxc3
27. Rf7+ 1-0

[Event "Let's Play Chess!"]
[Site "http://www.queenalice.com/game.php?id=1833652"]
[Date "2024.3.17"]
[Round "-"]
[White "Scar"]
[Black "Mlintz"]
[Result "1/2-1/2"]
[WhiteElo "1638"]
[BlackElo "1930"]

1. e4 e5 2. Nf3 Nf6 3. d3 d6 4. Bd2 Nc6 5. a3 a5 6. Be2 Be7 7. c4 b6 8. Nc3 Nd4
9. Nxd4 exd4 10. Na2 c5 11. b4 axb4 12. axb4 O-O 13. b5 Bb7 14. Bg5 Re8 15. f4
h6 16. Bh4 Ra3 17. Qc2 Qa8 18. O-O Nd7 19. Bg3 Qa7 20. Rfb1 Ra8 21. Rb2 Qa5 22.
Be1 Qa7 23. Bd2 Bf6 24. Bc1 Rc3 25. Qd2 Ra3 26. Rc2 Ra5 27. Bd1 Qb8 28. Qf2 Qd8
29. Bg4 Nf8 30. f5 Nd7 31. Bd2 Bg5 32. Bxg5 Qxg5 33. h3 Ne5 34. Qe2 Nxg4 35.
Qxg4 Qxg4 36. hxg4 Bc8 37. g3 g6 38. Rh2 Ra3 39. Rd2 Kg7 40. Kf2 g5 41. Ke2 Kf6
42. Rb2 Ke5 43. Kd2 f6 44. Kc2 Bd7 45. Kd2 Rh8 46. Rg1 h5 47. gxh5 Rxh5 48. Rg2
Rh1 49. Nc1 Ra1 50. Rc2 Be8 51. Re2 Bh5 52. Re1 Rh2+ 53. Ne2 Rxe1 54. Kxe1 Rxe2+
55. Rxe2 Bxe2 56. Kxe2 g4 57. Kd2 d5 58. cxd5 Kd6 59. Kc2 Ke5 60. Kb3 Kd6 61.
Kc4 Ke5 62. Kb3 1/2-1/2

[Event "Let's Play Chess!"]
[Site "http://www.queenalice.com/game.php?id=1834032"]
[Date "2024.3.24"]
[Round "-"]
[White "Charles56"]
[Black "Scar"]
[Result "0-1"]
[WhiteElo "1741"]
[BlackElo "1650"]

1. Nc3 e5 2. e4 Nf6 3. a3 c6 4. h3 Be7 5. Bc4 b5 6. Ba2 d5 7. exd5 Nxd5 8. Nxd5
cxd5 9. d3 Be6 10. Qf3 Na6 11. Bd2 Rb8 12. Ne2 Rb6 13. Ba5 O-O 14. Bxb6 Qxb6 15.
Bxd5 Bxd5 16. Qxd5 Bf6 17. g4 Bh4 18. Rh2 Re8 19. O-O-O Bxf2 20. Nc3 Be3+ 21.
Kb1 Nc7 22. Qf3 Bf4 23. Rf2 g5 24. Nd5 Nxd5 25. Qxd5 Qxf2 26. Qh1 Rc8 27. c3 Qc5
28. h4 f6 29. hxg5 Bxg5 30. d4 exd4 31. Rxd4 f5 32. gxf5 Qxf5+ 33. Ka1 h6 34.
Qd1 Rc7 35. Qb3+ Kg7 36. Rd5 Qf1+ 37. Ka2 Qc4 38. Rxb5 Qxb3+ 39. Kxb3 Kg6 40.
Rd5 Rb7+ 41. Kc2 Rb6 42. b4 h5 43. c4 h4 44. c5 Ra6 45. Kb3 h3 46. Rd1 Bf4 47.
a4 Kg5 48. b5 Re6 49. c6 h2 50. c7 Bxc7 51. Kb4 Kh4 52. Rc1 Re4+ 53. Kb3 Rg4 54.
Rxc7 Kh3 55. Rxa7 h1=Q 56. Rh7+ Rh4 0-1

[Event "Let's Play Chess!"]
[Site "http://www.queenalice.com/game.php?id=1834033"]
[Date "2024.3.24"]
[Round "-"]
[White "Scar"]
[Black "Charles56"]
[Result "0-1"]
[WhiteElo "1651"]
[BlackElo "1716"]

1. e4 e5 2. Nf3 d6 3. Nc3 a6 4. d4 exd4 5. Nxd4 Bd7 6. Bf4 Nf6 7. f3 Nc6 8. a3
Nxd4 9. Qxd4 Be7 10. Bd3 Be6 11. b4 Nh5 12. Bd2 Bf6 13. Qf2 Bg5 14. g4 Nf4 15.
Bxf4 Bxf4 16. h3 h6 17. O-O h5 18. Ne2 Qf6 19. Nxf4 Qxf4 20. Qg2 hxg4 21. fxg4
Qe3+ 22. Kh2 Kd7 23. Rae1 Qd4 24. Rf2 Rh6 25. Ref1 Rah8 26. Rf3 f6 27. Rg3 Bxg4
28. Rff3 Bxf3 29. Qxf3 g5 30. Qf5+ Ke7 31. c4 Qb2+ 32. Kg1 Qc1+ 33. Bf1 Rh4 34.
Kg2 Qd2+ 35. Kh1 Qe1 36. e5 dxe5 37. c5 Rf4 38. Qg6 Qxf1+ 39. Kh2 Rf2+ 0-1

[Event "Let's Play 745"]
[Site "http://www.queenalice.com/game.php?id=1834053"]
[Date "2024.3.24"]
[Round "-"]
[White "digger"]
[Black "Scar"]
[Result "0-1"]
[WhiteElo "1642"]
[BlackElo "1669"]

1. d4 d5 2. e3 Bd7 3. Qf3 c6 4. Bd3 Nf6 5. Ne2 Be6 6. O-O Nbd7 7. Nec3 b5 8. b3
a5 9. a4 b4 10. Nd1 Bg4 11. Qg3 h5 12. f3 Be6 13. f4 h4 14. Qf3 g6 15. Nb2 Bg4
16. Qf2 Bg7 17. h3 Be6 18. Re1 Ne4 19. Bxe4 dxe4 20. Nd2 f5 21. Ndc4 Bf7 22. Ne5
Nxe5 23. dxe5 Bd5 24. Rd1 e6 25. g3 hxg3 26. Qxg3 Rh6 27. Nc4 Qc7 28. Kf2 Rd8
29. Rh1 Bxc4 30. bxc4 c5 31. Ke2 Kf7 32. Bb2 Rdh8 33. Rh2 Qd8 34. Rah1 Bf8 35.
Qg5 Be7 36. Qg2 Bh4 37. Qg1 Rg8 38. Rg2 Qd7 39. Qh2 Qxa4 40. Kd2 Qa2 41. Kc1
Qxc4 42. Rd1 a4 43. Rd7+ Be7 44. h4 Qf1+ 45. Rd1 Qb5 46. h5 Rxh5 47. Qg1 a3 48.
Ba1 b3 49. cxb3 Qxb3 50. Rdd2 Qa4 51. Rh2 Rxh2 52. Qxh2 Qc4+ 53. Rc2 Qf1+ 54.
Kd2 Qxa1 55. Qh7+ Rg7 56. Qh3 Qb1 57. Qg2 a2 58. Rc1 Rg8 59. Qf1 Qb4+ 60. Kc2 c4
61. Ra1 Qb3+ 62. Kd2 Rd8+ 63. Ke2 Qc2+ 64. Ke1 Bb4# 0-1

[Event "Challenge"]
[Site "http://www.queenalice.com/game.php?id=1834055"]
[Date "2024.3.23"]
[Round "-"]
[White "zmanomega"]
[Black "Scar"]
[Result "1-0"]
[WhiteElo "1655"]
[BlackElo "1698"]

1. e4 e5 2. Nf3 d6 3. d4 Nd7 4. Bc4 h6 5. b3 Ngf6 6. Qd3 a6 7. dxe5 dxe5 8. O-O
b5 9. Bd5 Nxd5 10. Qxd5 Rb8 11. Rd1 f6 12. Qc6 Bb7 13. Qe6+ Be7 14. Qg4 g5 15.
Qh5+ Kf8 16. Nc3 Bc6 17. h4 Rb6 18. hxg5 fxg5 19. Nxg5 Bxg5 20. Nd5 Bxd5 21.
Rxd5 Rd6 22. Ba3 Nf6 23. Bxd6+ cxd6 24. Qf3 Kg7 25. Rd3 Qe7 26. Qe2 h5 27. Rg3
Nh7 28. Qe3 Rf8 29. f3 Kh8 30. Qb6 Ra8 31. Rd1 h4 32. Rh3 Nf8 33. Rxd6 Nh7 34.
g3 Qa7 35. Qxa7 Rxa7 36. gxh4 Be3+ 37. Kf1 Kg8 38. Rg3+ Kf7 39. Rdg6 Ke8 40.
Re6+ Re7 41. Rxa6 Bf4 42. Rg8+ Kf7 43. Rb8 Rc7 44. Rxb5 Nf8 45. c4 Be3 46. Rxe5
Ng6 47. Rf5+ Ke7 48. Rxg6 Rd7 49. Rg7+ Ke6 50. Rxd7 Kxd7 51. h5 Ke6 52. f4 Bd4
53. b4 Bb2 54. h6 Bf6 55. c5 Bd4 56. h7 Bg7 57. b5 Bf6 58. Rxf6+ Kxf6 59. h8=Q+
Ke6 60. f5+ Kf7 61. e5 Ke7 62. Qf6+ Kd7 63. c6+ Kc7 64. Qd6+ Kb6 65. c7+ Kxb5
66. c8=Q 1-0

[Event "Let's Play 748"]
[Site "http://www.queenalice.com/game.php?id=1834057"]
[Date "2024.3.24"]
[Round "-"]
[White "digger"]
[Black "Scar"]
[Result "1/2-1/2"]
[WhiteElo "1651"]
[BlackElo "1670"]

1. e4 e5 2. d4 exd4 3. Qxd4 Nc6 4. Qe3 Qe7 5. Bc4 Nf6 6. Nc3 a6 7. Bd2 Ne5 8.
Be2 c6 9. Nf3 Nxf3+ 10. Bxf3 d6 11. O-O-O Be6 12. e5 dxe5 13. Qxe5 Nd7 14. Qc7
Nc5 15. Qxe7+ Bxe7 16. Rhe1 O-O 17. Be3 Nd7 18. Na4 Rfd8 19. Nb6 Nxb6 20. Bxb6
Rxd1+ 21. Rxd1 g6 22. h3 Bf6 23. g4 Bg5+ 24. Kb1 Bf4 25. h4 h6 26. Rd4 g5 27.
hxg5 hxg5 28. Be2 Re8 29. Rd8 Rxd8 30. Bxd8 Kg7 31. Bb6 f5 32. gxf5 Bxf5 33.
Bd4+ Kf7 34. a3 b5 35. b3 g4 36. Kb2 Ke6 37. a4 Kd5 38. Bb6 Kd6 39. axb5 cxb5
40. b4 Bh2 41. Bc5+ Kd5 42. Kb3 Bg1 43. Kc3 Bh2 44. Be3 Be5+ 45. Kb3 Bd4 46.
Bxd4 Kxd4 47. c3+ Ke4 48. Kc2 Be6 49. Kd2 Kf4 50. Bd1 Bc4 51. Be2 Bxe2 52. Kxe2
Ke4 53. Kd2 Kf3 54. Ke1 Ke4 55. Ke2 Kf4 56. Kf1 Kf3 57. Ke1 Ke4 58. Ke2 1/2-1/2

[Event "Let's Play Chess!"]
[Site "http://www.queenalice.com/game.php?id=1834738"]
[Date "2024.4.10"]
[Round "-"]
[White "Mlintz"]
[Black "Scar"]
[Result "1-0"]
[WhiteElo "1939"]
[BlackElo "1680"]

1. e4 e5 2. Nf3 d6 3. Bc4 f6 4. d4 c6 5. a4 a6 6. dxe5 fxe5 7. O-O h6 8. Nc3 Be7
9. h3 Nd7 10. Nh2 Ngf6 11. b4 b5 12. axb5 cxb5 13. Bxb5 Rb8 14. Bxa6 Rxb4 15.
Re1 Nc5 16. Bb5+ Nfd7 17. Ra8 O-O 18. Rxc8 Qxc8 19. Nd5 Bd8 20. Nxb4 Ba5 21. Bd2
Qb7 22. Bc4+ Kh8 23. Bd5 Qb6 24. Nc6 Nxe4 25. Be3 Qb5 26. Nxa5 Qxa5 27. Bxe4 Rf6
28. Rf1 Nc5 29. Bxc5 Qxc5 30. Qa1 Rf8 31. Nf3 d5 32. Qxe5 Qa3 33. Bxd5 Qc5 34.
c4 Rf6 35. Qe8+ Kh7 36. Bg8+ Kh8 37. Bf7+ 1-0

[Event "Let's Play Chess!"]
[Site "http://www.queenalice.com/game.php?id=1834741"]
[Date "2024.4.10"]
[Round "-"]
[White "Scar"]
[Black "Mlintz"]
[Result "0-1"]
[WhiteElo "1674"]
[BlackElo "1963"]

1. e4 e5 2. Nf3 Qe7 3. Be2 g6 4. Nc3 c6 5. d3 Bg7 6. Be3 Nf6 7. Qd2 d6 8. h3 b5
9. a3 a5 10. d4 O-O 11. d5 Bb7 12. b3 Nbd7 13. dxc6 Bxc6 14. Bd3 b4 15. axb4
axb4 16. Rxa8 Rxa8 17. Nd1 d5 18. exd5 Bxd5 19. Qe2 e4 20. Bxe4 Nxe4 21. Qd3
Ndf6 22. O-O Rd8 23. Qb5 Bf8 24. Nb2 Nc3 25. Qb6 Bxf3 26. gxf3 Nfd5 27. Qc5 Qxc5
28. Bxc5 Bxc5 29. Nc4 Re8 30. Kg2 Re2 31. Na5 Be7 32. Nc6 Rxc2 33. Re1 Bc5 34.
Re8+ Kg7 35. Re4 Nxe4 36. fxe4 Nf4+ 37. Kf3 Rxf2+ 38. Kg3 g5 39. Ne5 h5 0-1

[Event "Let's Play Chess!"]
[Site "http://www.queenalice.com/game.php?id=1835407"]
[Date "2024.4.22"]
[Round "-"]
[White "Charles56"]
[Black "Scar"]
[Result "1-0"]
[WhiteElo "1676"]
[BlackElo "1672"]

1. d4 d5 2. Nf3 Nc6 3. h3 e6 4. a3 Bd6 5. e3 Bd7 6. Bb5 a6 7. Ba4 Nf6 8. Bd2 b5
9. Bb3 a5 10. Qe2 O-O 11. g4 Qe7 12. Nc3 b4 13. Nb5 Na7 14. Nxa7 Rxa7 15. a4 Ne4
16. h4 c6 17. Ng5 Nxg5 18. hxg5 Qxg5 19. f4 Qe7 20. e4 dxe4 21. Qxe4 g6 22. g5
Bc8 23. Qxc6 Bb7 24. Qb6 Rfa8 25. O-O-O Ra6 26. Qb5 Bxh1 27. Rxh1 Qd8 28. Be3
Rb6 29. Qd3 Rc6 30. Rh2 Rac8 31. Bd2 R8c7 32. Qh3 Kf8 33. Qxh7 Ke7 34. Rh6 Qg8
35. Qxg8 Rc8 36. Qg7 Kd7 37. Rxg6 Kc7 38. Qxf7+ Kb6 39. Rxe6 R8c7 40. Qf5 Ka7
41. Qxa5+ Ra6 42. Qxa6+ Kxa6 43. Rxd6+ Kb7 44. Bxb4 1-0

[Event "Challenge"]
[Site "http://www.queenalice.com/game.php?id=1835476"]
[Date "2024.4.22"]
[Round "-"]
[White "Scar"]
[Black "zmanomega"]
[Result "0-1"]
[WhiteElo "1656"]
[BlackElo "1749"]

1. e4 e5 2. d3 Nc6 3. c3 d5 4. f3 dxe4 5. fxe4 Nf6 6. h3 Bc5 7. Qf3 Be6 8. Be2
a5 9. b3 b5 10. Be3 Bd6 11. Nd2 Ba3 12. Bg5 b4 13. c4 Nd4 14. Qf1 Nc2+ 15. Kf2
Qd4+ 16. Kg3 Nxa1 17. Ngf3 Qd6 18. Qxa1 c5 19. Qxe5 Qxe5+ 20. Nxe5 O-O-O 21. Rf1
Bb2 22. Nc6 Rd7 23. Nxa5 Be5+ 24. Kf2 Bd4+ 25. Ke1 Bc3 26. Kd1 Ra7 27. Nc6 Rxa2
28. Nb1 Ra1 29. Kc1 Nd7 30. Ne7+ Kc7 31. Nd5+ Bxd5 32. exd5 f6 33. Bd2 Bd4 34.
Bd1 Rha8 35. Bc2 R8a2 36. Kd1 Ne5 37. Bf4 Kd6 38. Bxe5+ Bxe5 39. g4 g5 40. Rh1
Bf4 41. h4 h6 42. hxg5 Bxg5 43. Rf1 Ke5 44. Re1+ Kd6 45. Re6+ Kd7 46. Rc6 Rb2
47. Rxc5 Raa2 48. Rb5 Rxc2 49. c5 Rc1# 0-1

[Event "Challenge"]
[Site "http://www.queenalice.com/game.php?id=1835477"]
[Date "2024.4.22"]
[Round "-"]
[White "zmanomega"]
[Black "Scar"]
[Result "0-1"]
[WhiteElo "1739"]
[BlackElo "1670"]

1. e4 e5 2. Nf3 d6 3. Bc4 Be6 4. Bd3 Nd7 5. Bb5 c6 6. Bd3 b5 7. O-O a5 8. c3 Be7
9. Be2 Ngf6 10. d4 Nxe4 11. dxe5 Nxe5 12. Nxe5 dxe5 13. Qxd8+ Rxd8 14. f3 Nf6
15. b3 b4 16. cxb4 axb4 17. Be3 c5 18. a4 Bd7 19. Nd2 O-O 20. Nc4 e4 21. f4 Be6
22. f5 Bxc4 23. bxc4 h6 24. a5 Ra8 25. Rfd1 Ra7 26. Rdb1 Rfa8 27. g4 Rxa5 28.
Rxa5 Rxa5 29. h4 Nh7 30. g5 hxg5 31. hxg5 Nxg5 32. Kg2 f6 33. Bd1 Ra2+ 34. Kg3
Bd6+ 35. Bf4 Bxf4+ 36. Kxf4 Rf2+ 37. Kg4 e3 38. Bb3 e2 39. Kg3 Rf1 0-1

[Event "Challenge"]
[Site "http://www.queenalice.com/game.php?id=1835478"]
[Date "2024.4.22"]
[Round "-"]
[White "Scar"]
[Black "Charles56"]
[Result "0-1"]
[WhiteElo "1689"]
[BlackElo "1659"]

1. e4 e5 2. Nf3 d6 3. d3 h6 4. Be2 Nf6 5. Nc3 a6 6. Be3 Nc6 7. d4 exd4 8. Bxd4
Be6 9. a3 Qd7 10. Bxf6 gxf6 11. b4 f5 12. Qd2 fxe4 13. Nxe4 Bg7 14. c3 Bb3 15.
Rb1 Ba4 16. Qe3 O-O-O 17. h3 Rde8 18. Nfd2 Kb8 19. Qd3 Qe6 20. O-O Ne5 21. Qg3
Ng6 22. f3 Bc2 23. Rbc1 Ba4 24. c4 Be5 25. Qe1 Nf4 26. Qf2 Qg6 27. Ng3 Bc6 28.
Nde4 f5 29. Nc3 h5 30. Nd5 h4 31. Nxf4 Bxf4 32. Nh1 Bxc1 33. Rxc1 Rhg8 34. g4
fxg4 35. hxg4 Rh8 36. Qh2 Re3 37. Rf1 Qc2 38. Re1 h3 39. Ng3 Bxf3 40. Qf2 h2+
41. Kf1 h1=Q+ 42. Nxh1 Rxh1+ 43. Qg1 Bxe2+ 0-1

[Event "Challenge"]
[Site "http://www.queenalice.com/game.php?id=1836198"]
[Date "2024.5.2"]
[Round "-"]
[White "Renie"]
[Black "Scar"]
[Result "0-1"]
[WhiteElo "1442"]
[BlackElo "1630"]

1. c4 e5 2. Nc3 c6 3. a3 Nf6 4. Nf3 d6 5. b4 Be6 6. e3 Be7 7. Be2 Nbd7 8. b5 c5
9. e4 a6 10. Bb2 axb5 11. cxb5 Nb6 12. O-O O-O 13. Re1 Bg4 14. h3 Bh5 15. d3 Qd7
16. Nd2 Bxe2 17. Rxe2 Nh5 18. f3 Bh4 19. a4 Ra5 20. Nc4 Nxc4 21. dxc4 Bg3 22.
Nd5 Qd8 23. Bc3 Ra8 24. b6 f5 25. Nc7 Nf4 26. Rd2 Rf6 27. Nxa8 Qxa8 28. Rxd6
Rxd6 29. Qxd6 Ne2+ 30. Kf1 Nxc3 31. Qe6+ Kh8 32. Qxf5 Qd8 33. a5 Qd3+ 34. Kg1
Ne2+ 35. Kh1 Qxc4 36. Rd1 Qg8 37. Qd7 h6 38. Qxb7 Bh4 39. a6 Qb3 40. Rd7 Qb1+
0-1

[Event "Challenge"]
[Site "http://www.queenalice.com/game.php?id=1836613"]
[Date "2024.5.11"]
[Round "-"]
[White "Scar"]
[Black "Charles56"]
[Result "0-1"]
[WhiteElo "1644"]
[BlackElo "1690"]

1. e4 e5 2. Nf3 d6 3. d4 exd4 4. Qxd4 a6 5. Bg5 Nf6 6. e5 Nc6 7. Qe3 dxe5 8.
Nxe5 Nxe5 9. Qxe5+ Qe7 10. Bxf6 gxf6 11. Qxe7+ Bxe7 12. Be2 Be6 13. Nc3 O-O-O
14. O-O h5 15. Rad1 h4 16. Rxd8+ Rxd8 17. a3 f5 18. h3 Bg5 19. b4 Bf6 20. Nb1
Rg8 21. Nd2 f4 22. Bg4 Bxg4 23. hxg4 Rxg4 24. f3 Rg6 25. c4 h3 26. Rf2 Bd4 27.
Ne4 Bxf2+ 28. Nxf2 Rxg2+ 29. Kf1 Kd7 30. Nxh3 Ra2 31. Nxf4 Rxa3 32. Kg2 c6 33.
Kg3 Rb3 34. b5 axb5 35. cxb5 Rxb5 36. Nd3 Ke6 37. Nf4+ Kf5 38. Nd3 Rb3 39. Nc5
Rb5 40. Nd3 c5 41. f4 Rb3 0-1

[Event "Challenge"]
[Site "http://www.queenalice.com/game.php?id=1836614"]
[Date "2024.5.11"]
[Round "-"]
[White "Charles56"]
[Black "Scar"]
[Result "0-1"]
[WhiteElo "1663"]
[BlackElo "1638"]

1. e4 e5 2. a3 d5 3. exd5 Qxd5 4. Nc3 Qd8 5. h3 c6 6. d3 Be6 7. Nf3 Nd7 8. Be2
Bd6 9. Bg5 f6 10. Bh4 g5 11. Bg3 h5 12. Nd2 Bf7 13. Nce4 Be7 14. Nb3 f5 15. Nc3
f4 16. Bh2 Be6 17. Bxh5+ Bf7 18. g3 Bxh5 19. g4 Bg6 20. f3 b6 21. Bg1 c5 22. Qe2
Ngf6 23. Qf2 a6 24. h4 Ng8 25. h5 Bf7 26. Ne4 Rh6 27. Nbd2 a5 28. a4 Bd5 29. Qe2
Bxe4 30. Qxe4 Ngf6 31. Qe2 Qc7 32. Nc4 Nd5 33. Qe4 N7f6 34. Qxe5 Rd8 35. Qxg5
Bf8 36. Qe5+ Be7 37. Rh2 Rh7 38. Qf5 Rf7 39. Ne5 Rd6 40. Nxf7 Kxf7 41. g5 Ke8
42. gxf6 Nxf6 43. h6 Bf8 44. Qxf4 Re6+ 45. Kd2 Qxf4+ 46. Kc3 Qb4# 0-1